Digitazioni di Parola - "Otorinolaringoiatriche" - Statistics

Statistiche generali
  • Questo quiz è stato fatto 23 volte
  • Il punteggio medio è 19 su 22
Statistiche sulle risposte
Lettera % Corretto
O
100%
O
100%
O
100%
O
100%
T
100%
T
100%
I
92%
I
92%
I
92%
I
92%
R
92%
R
92%
R
92%
A
85%
A
85%
L
85%
N
85%
N
85%
G
77%
E
54%
H
54%
C
46%
Nessun quiz corrispondente trovato
Distribuzione punteggi
Percentuale di utenti per punteggio
Percentile per numero di risposta
I tuoi punteggi nel tempo
Non hai fatto questo quiz